Southville International School and Colleges
Your cart is empty.
  • Cart
  • Lists
    Public lists Eva Luna New books Lux_list list_1
    Your lists Log in to create your own lists
  • Log in to your account
  • Your cookies
  • Search history
Southville International School and Colleges
  • Advanced search
  • Recent comments
  • Most popular
  • Libraries

Log in to your account

Log in with GOOGLE


If you do not have an external account, but do have a local account, you can still log in:

  1. Home
  2. MARC view: Researching, reflecting and writing about work :
Normal view MARC view ISBD view

Researching, reflecting and writing about work : (Record no. 24779)

[ view plain ]
MARC details
000 -LEADER
fixed length control field 00596nam a2200169 a 4500
005 - DATE AND TIME OF LATEST TRANSACTION
control field 20140310183540.0
008 - FIXED-LENGTH DATA ELEMENTS--GENERAL INFORMATION
fixed length control field 111019s19uu xx 00 eng d
020 ## - INTERNATIONAL STANDARD BOOK NUMBER
International Standard Book Number 9780415472302
050 ## - LIBRARY OF CONGRESS CALL NUMBER
Classification number RC 337
Item number .R475 2010
245 ## - TITLE STATEMENT
Title Researching, reflecting and writing about work :
Remainder of title guidance on traning course assignments and research for psychotherapists and counsellors. /
Statement of responsibility, etc Edited by: Fiona Gardner et. al. ;
260 ## - PUBLICATION, DISTRIBUTION, ETC. (IMPRINT)
Place of publication, distribution, etc London :
Name of publisher, distributor, etc Routledge,
Date of publication, distribution, etc 2009.
300 ## - PHYSICAL DESCRIPTION
Extent 154 p. :
Other physical details ill. ;
Dimensions 24 cm.
521 ## - TARGET AUDIENCE NOTE
Target audience note
650 ## - SUBJECT ADDED ENTRY--TOPICAL TERM
Topical term or geographic name as entry element Psychotherapy
General subdivision Research
942 ## - ADDED ENTRY ELEMENTS (KOHA)
Koha item type Books
Source of classification or shelving scheme Library of Congress Classification
Call number prefix Foreign
Holdings
Withdrawn status Lost status Source of classification or shelving scheme Damaged status Home library Current library Shelving location Date acquired Source of acquisition Cost, normal purchase price Total Checkouts Full call number Barcode Date last seen Copy number Price effective from Koha item type
    Library of Congress Classification   College Library College Library General Circulation Section 10/19/2011 Donation 2889.00   RC 337 .R475 2010 C13246 05/15/2018 1 10/18/2013 Books

Researching, reflecting and writing about work :

APA

(2009). Researching, reflecting and writing about work. London: Routledge.

Chicago

2009. Researching, reflecting and writing about work. London: Routledge.

Harvard

(2009). Researching, reflecting and writing about work. London: Routledge.

MLA

Researching, reflecting and writing about work. London: Routledge. 2009.

  • Place hold
  • Print
  • Cite
  • Add to your cart (remove)
  • Save record
    BIBTEX Dublin Core MARCXML MARC (non-Unicode/MARC-8) MARC (Unicode/UTF-8) MARC (Unicode/UTF-8, Standard) MODS (XML) RIS
  • More searches
    Search for this title in:
    Other Libraries (WorldCat) Other Databases (Google Scholar) Online Stores (Bookfinder.com) Open Library (openlibrary.org)

Exporting to Dublin Core...

SOUTHVILLE LIBRARY

Southville International School and Colleges Library

1281 Tropical Ave. Cor. Luxembourg St., BF Homes International, Las Pinas City

Tel. No. 8256374 / 252358 Loc. 117/146

Powered by Koha